01029nas a2200241Ia 4500001001100000003000900011008004100020040001300061040001300074041001200087100004600099210002900145222002900174245008700203250001100290260004000301501008600341300001700427310001600444362002600460500026200486650003900748R707/F2503IT-RoPAU151124c99999999xx |||||||||||| ||und|| aIT-RoPAU cIT-RoPAU aTEDESCO aSchmauks DagmargCodice Aut. SPICS: 41562 aZEITSCHRIFT FUR SEMIOTIK aZeitschrift Fur Semiotik aZEITSCHRIFT FUR SEMIOTIK, VOL. 20-N.1/2 (1998)bLandkarten Als Synoptisches Medium a1a ed. aTUBINGENbSTAUFFENBURG VERLAGc1998 bPaulus - SPICS - Società San Paolo EM (non-commercial uses only)cCopyright2015 a18 p. [7-24] aTRIMESTRALE aVOL. 20, N.1/2 (1998) aCarte Geografiche Come Mezzo Sinottico. Analisi della Struttura Semiotica della Carta e Diversità degli Usi Possibili. Carta: Combinazione di Testo e Grafica. Riflessioni Sull'Uso Delle Carte Nei Quotidiani e Inserimento Inesse di Altri Segni. Trascodifi aSEMIOTICAvPUBBLICAZIONE PERIODICA